-
CHHIKARA, MS MANISHA 2-SURIDIA DR, POOJA . 3-VERMA, DR, CHETNA .4- PRAKASH, MRS. SIDBI MANI
Entry Personal Name
Number of records used in: 1
001 - CONTROL NUMBER
003 - CONTROL NUMBER IDENTIFIER
005 - DATE AND TIME OF LATEST TRANSACTION
- control field:
20251124070358.0
008 - FIXED-LENGTH DATA ELEMENTS
- fixed length control field:
251124|| aca||aabn | a|a d
040 ## - CATALOGING SOURCE
- Original cataloging agency:
JRU
- Transcribing agency:
JRU
100 ## - HEADING--PERSONAL NAME
- Personal name:
CHHIKARA, MS MANISHA 2-SURIDIA DR, POOJA . 3-VERMA, DR, CHETNA .4- PRAKASH, MRS. SIDBI MANI
670 ## - SOURCE DATA FOUND
- Source citation:
Work cat.: (JRU)8954: CHHIKARA, MS MANISHA 2-SURIDIA DR, POOJA . 3-VERMA, DR, CHETNA .4- PRAKASH, MRS. SIDBI MANI , INDUSTRIAL PHARMACOGNOSTICAL TECHNIGUES AS PER LATEST PCI REGULATIONS FOR M. PHARMA [ 1ST SEMESTER] , 2025